01016nam a2200289 a 4500001001000000003000500010005001700015008004100032010001100073011001100084020003000095020003100125020003100156040000900187082001600196100002100212245009000233260004500323300001400368490004300382500013900425650004500564650002900609700002600638700001900664830004300683000114665CHAP20220329144452.0180316s2002 sp a |r| ||||||spa d a111126 a112098 a84-7738-964-0 (Volumen I) a84-7738-965-9 (Volumen II) a8477389667 (Obra completa) cCHAP04a660.65bP431 aPerera, Julián10aIngeniería genética /cpor Julián Perera, Antonio Tormo y José Luis García. aMadrid :bEditorial Síntesis,c[2002]. av. :bil. aCiencias biológicas. Genéticav6,7 aLa biblioteca tiene : v.1 Preparación, análisis, manipulación y clonaje de DNA. v.2 Expresión de DNA en sistemas heterólogos14aÁcido desoxirribonucleicoxAnálisis.14aIngeniería genética.1 aGarcía, José Luis1 aTormo, Antonio 0aCiencias biológicas. Genéticav6,7